00428nam a2200109Ia 4500008004100000100002300041245011300064260004800177300001100225650001400236856006800250160712s9999 xx 000 0 und d aSan Jose, Ronaldo. cRonaldo San JoseaEffects of Creative Pedagogical Environment on Student Mathematical Ability and Creativity c2011bAlipato: A Journal of Basic Education avol. 5 xEDUCATION uhttp://journals.upd.edu.ph/index.php/ali/article/view/2690/2520